000 00688nam a2200169 i 4500
001 45935
003 ES-MaACL
005 20230906161313.0
007 t|
008 030327s1970 sp ||||1| spa d
110 2 _aComités Técnicos de Pastas de Papeles (
_d1970.
_cTolosa)
_93098
245 1 0 _aDepuración de pastas /
_cComités Técnicos de Pastas de Papeles ; ponentes: Srs, Reñe, Parry, Flañó, Giampa.
260 _aTolosa :
_bAsociación de Investigación Técnica de la Industria Papelera Española,
_c[1970]
300 _a105 p. ;
_c23 cm.
710 2 _aAsociación de Investigación Técnica de la Industria Papelera Española.
_91602
852 _aES-MaACL
_jC-47462
_bR.77302
999 _c45935
_d45935